| 000 -LEADER |
| fixed length control field |
00820nam a22002177a 4500 |
| 008 - FIXED-LENGTH DATA ELEMENTS--GENERAL INFORMATION |
| fixed length control field |
150716b xxu||||| |||| 00| 0 alb d |
| 020 ## - INTERNATIONAL STANDARD BOOK NUMBER |
| International Standard Book Number |
9789951417198 |
| 041 0# - LANGUAGE CODE |
| Language code of text/sound track or separate title |
alb |
| 080 ## - UNIVERSAL DECIMAL CLASSIFICATION NUMBER |
| Universal Decimal Classification number |
341:321 |
| Common auxiliary subdivision |
(496.51) |
| 100 ## - Rafti |
| Rafti |
Weller, Marc |
| 245 ## - TITLE STATEMENT |
| Title |
Shtetësia e kontestuar : |
| Statement of responsibility, etc |
Marc Weller ; [përktheu nga origjinali në anglisht Flaka Surroi]. |
| 250 ## - |
| -- |
2nd Edition |
| 260 ## - |
| -- |
Prishtinë, |
| -- |
Koha, |
| -- |
2009. |
| 300 ## - |
| -- |
528 f. ; |
| -- |
22 cm. |
| 500 ## - |
| -- |
Tituli i origjinalit : Contested statehood: the International Administration of Kosovo's Strugle for Independence |
| 500 ## - |
| -- |
Parathënie : f. 7-[10] |
| 650 4# - |
| -- |
E drejta ndërkombëtare |
| 650 4# - |
| -- |
Kosova |
| -- |
Politika dhe qeverisja |
| 700 ## - |
| -- |
Surroi, Flaka |
| 942 ## - ADDED ENTRY ELEMENTS (KOHA) |
| Source of classification or shelving scheme |
|
| Item type |
Books |